000 00533nam a2200181Ia 4500
005 20250508164643.0
008 008 250505s9999 xx 000 0 eng d
037 _aTextual
040 _aFEDL
_beng
_cFEDL
041 _aeng
_2eng
084 _a305, ASI
_qFEDL
245 0 _aPeople of India: Maharashtra. Vol. 30. 3 Parts
245 0 _cANTHROPOLOGICAL SURVEY OF INDIA
260 _aMumbai, India
_bPopular Prakashan Pvt. Ltd.
_c2004
365 _aINR
_b1602
942 _cTEXL
_h305, ASI
999 _c1390370
_d1390370